| 000 | 00557nam a2200205Ia 4500 | ||
|---|---|---|---|
| 005 | 20250923144628.0 | ||
| 008 | 008 250917s9999 xx 000 0 eng d | ||
| 037 | _aTextual | ||
| 040 |
_aDSWL _beng _cDSWL |
||
| 041 |
_aeng _2eng |
||
| 084 | _qDSWL | ||
| 100 |
_aVenkatasubbiah, H. _9826805 |
||
| 245 | 0 |
_aIndian economy since independence _cby H.Venkatasubbiah |
|
| 260 |
_aNew Delhi _bAsia Publishing House _c1958 |
||
| 300 | _aix,348p. | ||
| 365 |
_aINR _b17.50 |
||
| 925 | _g17.50 | ||
| 942 | _cTEXL | ||
| 999 |
_c1441372 _d1441372 |
||